|
|
|
|
| LEADER |
00673nam a22001817a 4500 |
| 008 |
110418t xxu||||| |||| 00| 0 eng d |
| 020 |
|
|
|a 032430725X
|
| 040 |
|
|
|a BD-DhAAL
|c BD-DhAAL
|
| 082 |
|
|
|2 22
|a 658.15
|
| 100 |
|
|
|a Brigham, Eugene F.
|9 1141
|
| 245 |
|
|
|a Cases in Financial Management
|c /Eugene F. Brigham
|
| 260 |
|
|
|a Ohio
|b :South- Western
|c ,2004
|
| 300 |
|
|
|a 104 p.
|b :ill
|c ;27 cm.
|
| 650 |
|
|
|a Financial Management
|9 1142
|
| 700 |
|
|
|a Buzzard, Christopher
|9 1143
|
| 942 |
|
|
|2 ddc
|c BK
|0 1
|
| 999 |
|
|
|c 10707
|d 10707
|
| 952 |
|
|
|0 0
|1 0
|2 ddc
|4 0
|6 658_150000000000000_BRI
|7 0
|9 16113
|a BRACUL
|b BRACUL
|c GEN
|d 2011-04-18
|l 5
|m 27
|o 658.15 BRI
|p 3010016639
|r 2017-09-18
|s 2017-09-16
|t 1
|w 2011-04-18
|y BK
|